000 00591nam a2200193Ia 4500
005 20250508154438.0
008 008 250505s9999 xx 000 0 eng d
037 _aBooks to be hide in OPAC
040 _aFEDL
_beng
_cFEDL
041 _aeng
_2eng
084 _a022.9, IND/O
_qFEDL
245 0 _aIndian standard specification for library furniture and fittings
245 0 _cIndian Standards Institution
260 _aNew Delhi, India
_bIndian Standards Institution
_c1961
300 _a11p
365 _aINR
_b4
942 _cHB
_h022.9, IND/O
999 _c1350285
_d1350285